| Tag |
First Indicator |
Second Indicator |
Subfields |
| LEADER |
00000nam a2200000Ia 4500 |
| 001 |
in00004331504 |
| 005 |
20200812091514.0 |
| 006 |
m g d |
| 007 |
cr bn |||a|bb| |
| 008 |
030715s1690 stk o 000 0 eng d |
| 035 |
|
|
|a (OCoLC)52615027
|
| 040 |
|
|
|a EAE
|c EAE
|e dcrb
|
| 037 |
|
|
|a CL0037000119
|b ProQuest Information and Learning. 300 N. Zeeb Rd., Ann Arbor, MI 48106
|
| 043 |
|
|
|a e-uk-st
|
| 090 |
|
|
|a BX9079
|b .S36 1690
|
| 049 |
|
|
|a UMIA
|
| 110 |
1 |
|
|a Scotland.
|b Parliament.
|
| 245 |
1 |
0 |
|a Act, restoring the Presbyterian ministers who were thrust from their church since the first of January, 1661. :
|b Edinburgh, the twenty fifth day of April 1690 years.
|
| 260 |
|
|
|a Edinburgh, :
|b Printed by the heir of Andrew Anderson, by order of Parliament,
|c 1690.
|
| 300 |
|
|
|a 1 online resource (1 sheet ([1] pages)
|
| 336 |
|
|
|a text
|b txt
|2 rdacontent
|
| 337 |
|
|
|a computer
|b c
|2 rdamedia
|
| 338 |
|
|
|a online resource
|b cr
|2 rdacarrier
|
| 500 |
|
|
|a Caption title.
|
| 500 |
|
|
|a Initial letter.
|
| 500 |
|
|
|a Text in black letter.
|
| 500 |
|
|
|a Reproduction of original in: National Library of Scotland.
|
| 510 |
4 |
|
|a Wing (2nd edition)
|c S1159
|
| 533 |
|
|
|a Electronic reproduction.
|b Ann Arbor, Mich. :
|c UMI,
|d 1999-
|f (Early English books online)
|n Digital version of: (Early English Books, 1641-1700 ; 2762:6)
|7 s1999 miun s
|
| 610 |
2 |
0 |
|a Church of Scotland
|x Clergy
|x Law and legislation
|v Early works to 1800.
|
| 655 |
|
7 |
|a Broadsides
|z Scotland
|y 17th century.
|2 rbgenr
|
| 830 |
|
0 |
|a Early English books online.
|
| 856 |
4 |
0 |
|u http://proxy.library.tamu.edu/login?url=https://search.proquest.com/docview/2240873819
|z Connect to the full text of this electronic book
|t 0
|
| 999 |
f |
f |
|s 8320d93e-dd97-3ce1-961b-0880193e3f8c
|i aaf7d2bb-3b67-3b82-b33d-7afd3d11e70c
|t 0
|
| 952 |
f |
f |
|a Texas A&M University
|b College Station
|c Electronic Resources
|d Available Online
|t 0
|e BX9079 .S36 1690
|h Library of Congress classification
|
| 998 |
f |
f |
|a BX9079 .S36 1690
|t 0
|l Available Online
|